00789nam a2200217 i 4500001000300000245007000003250001200073260006700085300004000152521008000192650003000272650002900302655002600331700002200357020001500379040000800394041000800402080002200410008004100432856009800473bg 0aMechanizacja produkcji zwierzęcej /c[Wacław Romaniuk et al.]. aWyd. 2. aWarszawa :bPaństwowe Wydawnictwo Rolnicze i Leśne,c1981. a271, [1] s. :bfot., rys. ;c24 cm. aDla techników budowlanych i policealnych studiów zaocznych hodowlanych. 9aZootechnikaxmechanizacja 9aBudownictwo inwentarskie aPodręczniki szkolne1 aROMANIUK, Wacław a8309005407 cBPK0 apol a636:631.2](075.3) s pl f |000 0 pol  uhttp://koha.tu.koszalin.pl/cgi-bin/koha/opac-detail.pl?biblionumber=51593yKatalog online BPK